Second Reference Catalogue of Bright Galaxies (Record no. 6229)

MARC details
000 -LEADER
fixed length control field 00709nam a2200217Ia 4500
003 - CONTROL NUMBER IDENTIFIER
control field IN-BaIIA
008 - FIXED-LENGTH DATA ELEMENTS--GENERAL INFORMATION
fixed length control field 211028s9999 xx 000 0 eng d
020 ## - INTERNATIONAL STANDARD BOOK NUMBER
International Standard Book Number 0-292-75507-0
040 ## - CATALOGING SOURCE
Transcribing agency IIA Library
080 ## - UNIVERSAL DECIMAL CLASSIFICATION NUMBER
Universal Decimal Classification number 083.8:524
Item number SRC
100 ## - MAIN ENTRY--PERSONAL NAME
Personal name De Vaucoulers, Gerard
9 (RLIN) 10713
245 #0 - TITLE STATEMENT
Title Second Reference Catalogue of Bright Galaxies
Statement of responsibility, etc. Gerard de Vaucouleurs, Antoinette de Vaucouleurs and Harold G. Corwin, Jr.
260 ## - PUBLICATION, DISTRIBUTION, ETC.
Place of publication, distribution, etc. Austin
Name of publisher, distributor, etc. University of Tokyo Press
Date of publication, distribution, etc. 1976
300 ## - PHYSICAL DESCRIPTION
Extent 396p.
650 ## - SUBJECT ADDED ENTRY--TOPICAL TERM
Topical term or geographic name entry element Astronomy and Astrophysics Thesaurus
650 ## - SUBJECT ADDED ENTRY--TOPICAL TERM
Topical term or geographic name entry element Catalogue-Galaxies
650 ## - SUBJECT ADDED ENTRY--TOPICAL TERM
Topical term or geographic name entry element Galaxies Catalogue
700 ## - ADDED ENTRY--PERSONAL NAME
Personal name Corwin, Harold G.
9 (RLIN) 10714
700 ## - ADDED ENTRY--PERSONAL NAME
Personal name De Vaucouleurs, Antoinette
9 (RLIN) 8085
942 ## - ADDED ENTRY ELEMENTS (KOHA)
Koha item type Books
Holdings
Withdrawn status Lost status Damaged status Not for loan Home library Current library Shelving location Date acquired Total Checkouts Full call number Barcode Date last seen Price effective from Koha item type
        IIA Library-Bangalore IIA Library-Kavalur General Stacks 07/04/1979   083.8:524/ SRC 6945 05/11/2021 07/04/1979 Books

Powered by Koha